| 000 | 00432nam a2200181 a 4500 | ||
|---|---|---|---|
| 001 | 1538 | ||
| 003 | CO-ViMGA | ||
| 008 | 141112s2004 ck r 000 u spa d | ||
| 040 |
_aCO-ViMGA _bspa _cCO-ViMGA |
||
| 082 | 0 | 4 | _a891.85 G717p |
| 100 | 1 |
_aGrass, Gunter _96313 |
|
| 245 | 1 | 0 | _aPoemas |
| 260 |
_aMadrid : _bVisor, _c1994 |
||
| 300 | _a159 p | ||
| 490 | _aVisor poesia, 320 | ||
| 650 | 1 | 4 |
_aPOESIA POLACA _949950 |
| 942 |
_2ddc _cBK |
||
| 999 |
_c13725 _d13725 |
||